El ojo crítico, el ojo lírico : fotografía española de los 90 /
Gardado en:
| Autor Corporativo: | |
|---|---|
| Outros autores: | , , |
| Formato: | Libro |
| Idioma: | Lingua castelá |
| Temas: | |
| Etiquetas: |
Sen Etiquetas, Sexa o primeiro en etiquetar este rexistro!
|
MARC
| LEADER | 00000nam^a2200000^a^4500 | ||
|---|---|---|---|
| 001 | 000172851 | ||
| 005 | 20250521000000.0 | ||
| 009 | 20260310101433.036 | ||
| 020 | |a 84-7232-690-X | ||
| 037 | |a Acervo ITESO - Biblioteca | ||
| 041 | |a ESP | ||
| 082 | |a 770. 946 |b INS SAM | ||
| 110 | |a Instituto de Cooperación Iberoamericana | ||
| 245 | 1 | 3 | |a El ojo crítico, el ojo lírico : |b fotografía española de los 90 / |c Instituto de Cooperación Iberoamericana ; curaduría de V. Sama ; texto de A. Lahoz... [et al.] ; presen. de J.A. March Pujol. |
| 264 | |a Madrid, España : |b Instituto de Cooperación Iberoamericana, |c 1994 | ||
| 300 | |a 86 p. | ||
| 336 | |a texto |b txt |2 rdacontenido | ||
| 337 | |a sin mediación |b n |2 rdamedio | ||
| 338 | |a volumen |b nc |2 rdasoporte | ||
| 649 | |a XX | ||
| 650 | |a Fotografía Española - |x Exposiciones | ||
| 650 | |a Fotografía Española - |x Catálogos | ||
| 650 | |a Fotografía Española - |x Historia y Crítica | ||
| 650 | |a Fotografía Española - |y 1990-1999 | ||
| 650 | |a Fotografía Española - |y Siglo XX | ||
| 650 | |a Arte Español - |x Exposiciones | ||
| 650 | |a Arte Español - |x Catálogos | ||
| 650 | |a Arte Español - |x Historia y Crítica | ||
| 650 | |a Medios de Comunicación | ||
| 650 | |a Comunicación Visual | ||
| 700 | |a Sama, Valentín |e (curaduría) | ||
| 700 | |a Lahoz, Angel |e (texto) | ||
| 700 | |a March Pujo, Juan Antonio |e (presentación) | ||
| 910 | |a Fondo General | ||
| 920 | |a Impresos - Libros | ||
| 930 | |a Reserva Especial | ||
| 905 | |a 103 | ||
| 901 | |a 0500110437 |b IT1 |c REE |u 20250521 | ||
| 902 | |a https://opac.biblio.iteso.mx/vufind/Record/000172851 | ||